[Event "CRO-chT2 Center 23rd"]
[Site "Grubisno Polje"]
[Date "2014.04.06"]
[Round "6.6"]
[White "Ivekovic, Tihana"]
[Black "Kober, Mladen"]
[Result "0-1"]
[WhiteElo "2094"]
[BlackElo "2259"]
[PlyCount "116"]
[EventDate "2014.03.02"]
[EventType "team-match"]
[EventRounds "11"]
[EventCountry "CRO"]
[SourceTitle "EXT 2016"]
[Source "ChessBase"]
[SourceDate "2015.10.08"]
[SourceVersion "1"]
[SourceVersionDate "2015.10.08"]
[SourceQuality "1"]

1. d4 Nf6 2. c4 c5 3. e3 e6 4. Nc3 g6 5. Nf3 Bg7 6. Be2 0-0 7. 0-0 d6 8. dxc5 dxc5 9. Qxd8 Rxd8 10. Bd2 Nc6 11. Rfd1 b6 12. Be1 Bb7 13. Kf1 Kf8 14. Rab1 Ke7 15. a3 Rxd1 16. Bxd1 Na5 17. Be2 Ne4 18. Nb5 a6 19. Bxa5 bxa5 20. Nc3 Rd8 21. h4 Bc6 22. Nd1 Rb8 23. Bd3 a4 24. Ke2 h6 25. Bc2 Bf6 26. g3 a5 27. Nd2 Nd6 28. Nc3 Rb7 29. Bxa4 Bxc3 30. Bxc6 Rxb2 31. Rxb2 Bxb2 32. a4 Bc3 33. Bb5 Bxd2 34. Kxd2 Ne4+ 35. Ke2 f5 36. Bc6 Nd6 37. Bb5 Kf6 38. f3 g5 39. hxg5+ Kxg5 40. Kf2 e5 41. Kg2 h5 42. Kh3 f4 43. gxf4+ exf4 44. e4 Nf7 45. Kg2 Ne5 46. Ba6 h4 47. Bb5 h3+ 48. Kxh3 Nxf3 49. Bc6 Nd2 50. Bd5 Kf6 51. Kg2 Ke5 52. Kf2 Nxe4+ 53. Kf3 Nd2+ 54. Ke2 Nb3 55. Kf3 Nd4+ 56. Kf2 Nc2 57. Kf3 Ne3 58. Bg8 Nd1 0-1

[Event "CRO-chT"]
[Site "Rabac"]
[Date "2003.09.14"]
[Round "8"]
[White "Berkes, Ferenc"]
[Black "Kober, Mladen"]
[Result "1-0"]
[WhiteElo "2590"]
[BlackElo "2336"]
[PlyCount "53"]
[EventDate "2003.09.07"]
[EventType "team"]
[EventRounds "9"]
[EventCountry "CRO"]
[SourceTitle "CBM 096 Extra"]
[Source "ChessBase"]
[SourceDate "2003.10.22"]
[SourceVersion "2"]
[SourceVersionDate "2003.10.20"]
[SourceQuality "1"]

1. e4 c5 2. Nf3 e6 3. d4 cxd4 4. Nxd4 Nf6 5. Nc3 d6 6. Be3 a6 7. f3 b5 8. g4 h6 9. Qd2 Nbd7 10. 0-0-0 Bb7 11. h4 Ne5 12. Rg1 b4 13. Na4 d5 14. g5 hxg5 15. hxg5 Nfd7 16. g6 Rc8 17. gxf7+ Kxf7 18. f4 Nc4 19. Bxc4 Rxc4 20. Qg2 Qe7 21. b3 Rc8 22. Qg6+ Kg8 23. Nxe6 dxe4 24. Nac5 Nxc5 25. Bxc5 Rh2 26. Rd8 Rxc2+ 27. Kxc2 1-0

[Event "CRO-chT"]
[Site "Rabac"]
[Date "2003.09.12"]
[Round "6"]
[White "Stevic, Hrvoje"]
[Black "Kober, Mladen"]
[Result "1-0"]
[WhiteElo "2557"]
[BlackElo "2336"]
[PlyCount "53"]
[EventDate "2003.09.07"]
[EventType "team"]
[EventRounds "9"]
[EventCountry "CRO"]
[SourceTitle "CBM 096 Extra"]
[Source "ChessBase"]
[SourceDate "2003.10.22"]
[SourceVersion "2"]
[SourceVersionDate "2003.10.20"]
[SourceQuality "1"]

1. e4 c5 2. Nf3 e6 3. c3 d5 4. exd5 Qxd5 5. d4 Nf6 6. Be3 cxd4 7. cxd4 Nc6 8. Nc3 Qd6 9. a3 Be7 10. Bd3 0-0 11. Qc2 a6 12. 0-0 g6 13. Rad1 b5 14. Ne4 Nxe4 15. Bxe4 Bb7 16. d5 exd5 17. Bxd5 Nb4 18. axb4 Bxd5 19. Bc5 Qc6 20. Rxd5 Qxd5 21. Bxe7 Rfc8 22. Qd1 Qf5 23. Qd2 Rc4 24. h3 Re8 25. Re1 Rc2 26. Qh6 Rxb2 27. Kh2 1-0

[Event "CRO-chT"]
[Site "Rabac"]
[Date "2003.09.11"]
[Round "5"]
[White "Kober, Mladen"]
[Black "Pavasovic, Dusko"]
[Result "0-1"]
[WhiteElo "2336"]
[BlackElo "2596"]
[PlyCount "64"]
[EventDate "2003.09.07"]
[EventType "team"]
[EventRounds "9"]
[EventCountry "CRO"]
[SourceTitle "CBM 096 Extra"]
[Source "ChessBase"]
[SourceDate "2003.10.22"]
[SourceVersion "2"]
[SourceVersionDate "2003.10.20"]
[SourceQuality "1"]

1. e4 e5 2. Nf3 d6 3. d4 exd4 4. Nxd4 Nf6 5. Nc3 Be7 6. Be2 0-0 7. 0-0 Re8 8. f4 Bf8 9. Bf3 c5 10. Nb3 Nc6 11. Kh1 a5 12. a4 Nb4 13. Re1 d5 14. e5 Bf5 15. Re2 d4 16. Nb5 Nfd5 17. c4 Nb6 18. Bxb7 Qd7 19. Bxa8 Rxa8 20. Nd2 Nc2 21. Ra2 Ne3 22. Qe1 Nbxc4 23. Nxc4 Nxc4 24. b3 Nb6 25. Bd2 c4 26. Bxa5 cxb3 27. Bxb6 bxa2 28. Nxd4 Rxa4 29. Qa1 Rb4 30. Rb2 Rxb2 31. Qxb2 Qa4 32. Nb3 Qxb3 0-1

[Event "CRO-chT"]
[Site "Rabac"]
[Date "2003.09.10"]
[Round "4"]
[White "Tkachiev, Vladislav"]
[Black "Kober, Mladen"]
[Result "1-0"]
[WhiteElo "2654"]
[BlackElo "2336"]
[PlyCount "59"]
[EventDate "2003.09.07"]
[EventType "team"]
[EventRounds "9"]
[EventCountry "CRO"]
[SourceTitle "CBM 096 Extra"]
[Source "ChessBase"]
[SourceDate "2003.10.22"]
[SourceVersion "2"]
[SourceVersionDate "2003.10.20"]
[SourceQuality "1"]

1. c4 Nf6 2. Nc3 c5 3. Nf3 e6 4. d4 cxd4 5. Nxd4 Nc6 6. a3 a6 7. g3 Be7 8. Bg2 0-0 9. 0-0 Nxd4 10. Qxd4 d6 11. Rd1 Qc7 12. Bg5 Rd8 13. Rac1 Rb8 14. Qa7 Bd7 15. Be3 Rf8 16. b3 Qc8 17. Bf4 e5 18. Bg5 Be6 19. Bxf6 gxf6 20. Qe3 Qc5 21. Qh6 Qxa3 22. Nd5 Bd8 23. Nxf6+ Bxf6 24. Be4 Rfe8 25. Bxh7+ Kh8 26. Be4+ Kg8 27. Qxf6 b5 28. h4 bxc4 29. h5 Rxb3 30. Qg5+ 1-0

[Event "CRO-chT"]
[Site "Rabac"]
[Date "2003.09.07"]
[Round "1"]
[White "Kober, Mladen"]
[Black "Gyimesi, Zoltan"]
[Result "0-1"]
[WhiteElo "2336"]
[BlackElo "2553"]
[PlyCount "85"]
[EventDate "2003.09.07"]
[EventType "team"]
[EventRounds "9"]
[EventCountry "CRO"]
[SourceTitle "CBM 096 Extra"]
[Source "ChessBase"]
[SourceDate "2003.10.22"]
[SourceVersion "2"]
[SourceVersionDate "2003.10.20"]
[SourceQuality "1"]

1. e4 e5 2. Nf3 Nc6 3. Bb5 a6 4. Bxc6 dxc6 5. 0-0 Qd6 6. d3 Ne7 7. Be3 Ng6 8. Nbd2 Be7 9. Qe2 c5 10. c3 0-0 11. Rfd1 Bf6 12. Nb3 b6 13. Ne1 a5 14. Qc2 Be6 15. g3 Rad8 16. Nd2 Rd7 17. Qa4 Rfd8 18. Nc4 Qe7 19. f3 Bh3 20. a3 h6 21. b4 axb4 22. axb4 cxb4 23. cxb4 Bg5 24. Bf2 Qf6 25. Qb5 Kh7 26. Ra3 h5 27. Ne3 Be6 28. h4 Bh6 29. Rda1 Rd4 30. N3c2 R4d6 31. Ra8 R8d7 32. R8a3 Bh3 33. Ne3 Nxh4 34. gxh4 Bxe3 35. Bxe3 Qxh4 36. R3a2 Rg6+ 37. Rg2 Bxg2 38. Nxg2 Qg3 39. Ra2 f6 40. Qc4 h4 41. Bxb6 h3 42. Rf2 hxg2 43. Qxc7 0-1

[Event "Samobor"]
[Site "Samobor"]
[Date "1998.??.??"]
[Round "10"]
[White "Kober, Mladen"]
[Black "Badea, Bela"]
[Result "1/2-1/2"]
[WhiteElo "2315"]
[BlackElo "2545"]
[PlyCount "20"]
[EventDate "1998.??.??"]
[EventType "tourn"]
[EventRounds "11"]
[EventCountry "CRO"]
[SourceTitle "EXT 2000"]
[Source "ChessBase"]
[SourceDate "1999.11.16"]
[SourceVersion "1"]
[SourceVersionDate "1999.11.16"]
[SourceQuality "1"]

1. e4 c5 2. Nf3 e6 3. Nc3 a6 4. d4 cxd4 5. Nxd4 Nc6 6. Be2 Qc7 7. 0-0 Nf6 8. Be3 Bb4 9. Nxc6 bxc6 10. Na4 Be7 1/2-1/2

[Event "Samobor"]
[Site "Samobor"]
[Date "1998.??.??"]
[Round "1"]
[White "Kober, Mladen"]
[Black "Sanduleac, Vasile"]
[Result "0-1"]
[WhiteElo "2315"]
[BlackElo "2450"]
[PlyCount "68"]
[EventDate "1998.??.??"]
[EventType "tourn"]
[EventRounds "11"]
[EventCountry "CRO"]
[SourceTitle "EXT 2000"]
[Source "ChessBase"]
[SourceDate "1999.11.16"]
[SourceVersion "1"]
[SourceVersionDate "1999.11.16"]
[SourceQuality "1"]

1. e4 g6 2. d4 Bg7 3. Nc3 c6 4. f4 d5 5. e5 Nh6 6. Bd3 f6 7. exf6 exf6 8. Nf3 0-0 9. 0-0 Bg4 10. h3 Bxf3 11. Qxf3 f5 12. Ne2 Nd7 13. Be3 Nf6 14. Bf2 Qd7 15. c3 Nf7 16. Rae1 Ne4 17. Nc1 Nd2 18. Qd1 Nxf1 19. Bxf1 Nd6 20. Nd3 Ne4 21. Be2 b6 22. Bf3 Rfe8 23. Rf1 Rad8 24. Be1 c5 25. Bh4 Rc8 26. Bxe4 dxe4 27. Ne5 Qd5 28. Qa4 cxd4 29. cxd4 a5 30. Kh2 b5 31. Qb3 Qxb3 32. axb3 Rc2 33. Rd1 e3 34. d5 Rd2 0-1

[Event "Samobor"]
[Site "Samobor"]
[Date "1998.??.??"]
[Round "6"]
[White "Sitnik, Igor"]
[Black "Kober, Mladen"]
[Result "1/2-1/2"]
[WhiteElo "2255"]
[BlackElo "2315"]
[PlyCount "69"]
[EventDate "1998.??.??"]
[EventType "tourn"]
[EventRounds "11"]
[EventCountry "CRO"]
[SourceTitle "EXT 2000"]
[Source "ChessBase"]
[SourceDate "1999.11.16"]
[SourceVersion "1"]
[SourceVersionDate "1999.11.16"]
[SourceQuality "1"]

1. d4 Nf6 2. c4 c5 3. d5 e6 4. Nc3 exd5 5. cxd5 d6 6. Nf3 g6 7. Nd2 Bg7 8. e4 0-0 9. Be2 Re8 10. 0-0 Na6 11. f3 Nc7 12. a4 b6 13. Nc4 Ba6 14. Bg5 h6 15. Be3 Bxc4 16. Bxc4 a6 17. Qd2 Kh7 18. Rab1 Nd7 19. Rfe1 Rb8 20. Bf2 b5 21. axb5 axb5 22. Bf1 Qf6 23. f4 b4 24. Na4 h5 25. g3 Nb5 26. e5 dxe5 27. Nxc5 Nxc5 28. Bxc5 Nd4 29. Bxd4 exd4 30. Rxe8 Rxe8 31. Qxb4 Qf5 32. Re1 Bf8 33. Qd2 Rxe1 34. Qxe1 Qxd5 35. Bd3 1/2-1/2

[Event "CRO-chT2"]
[Site "Opatija"]
[Date "1995.??.??"]
[Round "?"]
[White "Kober, Mladen"]
[Black "Horvath, Csaba"]
[Result "1/2-1/2"]
[WhiteElo "2330"]
[BlackElo "2500"]
[PlyCount "51"]
[EventDate "1995.??.??"]
[EventType "team"]
[EventRounds "9"]
[EventCountry "CRO"]
[SourceTitle "EXT 1998"]
[Source "ChessBase"]
[SourceDate "1997.11.17"]
[SourceVersion "1"]
[SourceVersionDate "1997.11.17"]
[SourceQuality "1"]

1. e4 Nf6 2. e5 Nd5 3. d4 d6 4. Nf3 dxe5 5. Nxe5 g6 6. Be2 Bg7 7. 0-0 0-0 8. c4 Nb4 9. a3 N4c6 10. Nxc6 Nxc6 11. d5 Nd4 12. Be3 c5 13. Bxd4 cxd4 14. Nd2 e6 15. dxe6 Bxe6 16. Bd3 a5 17. Re1 a4 18. Rb1 Qc7 19. Qf3 Ra5 20. b4 axb3 21. Rxb3 b6 22. Reb1 Rb8 23. g3 Bf8 24. Bf1 Qa7 25. Qf4 Rf5 26. Qe4 1/2-1/2